000 00759cam a22002414a 4500
005 20250605164259.0
008 250528s ||||||||||||||||||||||||d
035 _a22009
020 _a9780273687139
040 _aGR-AtMCL
_bgre
_dGR-AtMCL
_eAACR2
245 1 _aHUMAN RESOURCE MANAGEMENT
250 _a6
260 _bPrentice Hall,
_c2005
300 _a810
505 0 _aDEVELOPMENT RESOURCES EMPLOYEE RELATIONS ΑΝΑΠΤΥΞΗ ΠΗΓΕΣ ΣΧΕΣΕΙΣ ΜΙΣΘΩΤΩΝ
520 _aDEVELOPMENT RESOURCES EMPLOYEE RELATIONS ΑΝΑΠΤΥΞΗ ΠΗΓΕΣ ΣΧΕΣΕΙΣ ΜΙΣΘΩΤΩΝ
700 1 _aHall Laura
_91266
700 1 _aTaylor Stephen
_97155
700 1 _aTorrington Derek
_91267
942 _cBK
999 _c7065
_d7065